Catálogo

Vista normal Vista MARC

Entrada Personal Name

Número de registros utilizados en: 1

001 - CONTROL NUMBER

  • control field: 11279

003 - CONTROL NUMBER IDENTIFIER

  • control field: DLC

005 - DATE AND TIME OF LATEST TRANSACTION

  • control field: 20201118163146.0

008 - FIXED-LENGTH DATA ELEMENTS

  • fixed length control field: 970616n| azannaabn |n aaa

010 ## - LIBRARY OF CONGRESS CONTROL NUMBER

  • LC control number: n 97061450

040 ## - CATALOGING SOURCE

  • Original cataloging agency: DLC
  • Language of cataloging: spa
  • Description conventions: rda
  • Transcribing agency: Mx-PuUPA
  • Modifying agency: DLC
  • Modifying agency: Mx-PuUPA

046 ## - SPECIAL CODED DATES

  • Birth date: 1953

100 1# - HEADING--PERSONAL NAME

  • Personal name: Cohen, Daniel,
  • Dates associated with a name: 1953-

370 ## - ASSOCIATED PLACE

  • Place of birth: Túnez, Túnez

372 ## - FIELD OF ACTIVITY

  • Field of activity: Ciencias económicas
  • Source of term: lcsh

373 ## - ASSOCIATED GROUP

  • Associated group: Universidad de París X Nanterre
  • Associated group: Escuela de Economía de París

374 ## - OCCUPATION

  • Occupation: Autor
  • Occupation: Economista

375 ## - GENDER

  • Gender: hombre

377 ## - ASSOCIATED LANGUAGE

  • Language code: fre

381 ## - OTHER DISTINGUISHING CHARACTERISTICS OF WORK OR EXPRESSION

  • Other distinguishing characteristic: Economista francés

670 ## - SOURCE DATA FOUND

  • Source citation: Contemporary economic issues, 1997:
  • Information found: galley (Daniel Cohen; Prof. Daniel Cohen, CEPREMAP (Ecole Normale Supérieure and CEPR), Paris, France) data sheet (b. June, 1953)

670 ## - SOURCE DATA FOUND

  • Source citation: Is the discount on the secondary market ... 1988:
  • Information found: (Daniel Cohen) cover, p. 2 (World Bank, Intern. Economics Dept.)

670 ## - SOURCE DATA FOUND

  • Source citation: Les infortunes de la prospérité, 1994:
  • Information found: t.p. (Daniel Cohen) p. 226 (prof., Ecole normale supérieure and Univ. Paris-I; regular consultant to the World Bank)